000 00287nam a22001337a 4500
008 171103b xxu||||| |||| 00| 0 eng d
020 _a9781412995146
041 _aeng
080 _a339.138
100 _a60
101 _aMAR
245 _aMARKETING ETHICS
_cSHAW.L
942 _2udc
_cBK
999 _c37513
_d37513